| 000 | 00500nam a2200181Ia 4500 | ||
|---|---|---|---|
| 008 | 180921t2001 xxu||||| |||| 00| 0 sin d | ||
| 041 | _asin | ||
| 080 |
_a613 _bKUL |
||
| 100 | _aKulasekara, Y. | ||
| 245 | _aළමා රෝග සහ ආරක්ෂාව | ||
| 246 | _aLama roga saha arakshava | ||
| 260 |
_bDayawansa jayakody & copmany _aColombo _c2001 |
||
| 300 | _a174p., ill., 22 cm | ||
| 650 | _aPaediatrics | ||
| 942 | _cBK | ||
| 999 |
_c16920 _d16920 |
||
| 003 | LK-CoDNM | ||
| 040 |
_aLK-CoDNM _dLK-CoDNM _eLK-CoDNM |
||